000 00321nam a22001457a 4500
999 _c54920
_d54920
008 190925b ||||| |||| 00| 0 eng d
020 _a9780135153871
041 _aeng
080 _261
_a61
082 _a61
100 _a4
101 _aSHM
245 _aProfessionalism in Health Care
_cMakely,Sh
942 _2udc
_cBK